[Event "Finalturnier U14"]
[Site "?"]
[Date "2008.07.05"]
[Round "4"]
[White "Burgueno, Diego"]
[Black "Kupper, Nicolas"]
[Result "1/2-1/2"]
[WhiteElo "1827"]
[BlackElo "1775"]
[PlyCount "96"]
[SourceDate "2008.07.05"]

1. e4 e5 2. Nf3 Nc6 3. Bb5 f5 4. d3 Nf6 5. O-O Bc5 6. Nc3 d6 7. h3 O-O 8. Bg5
Ne7 9. Qe2 h6 10. Bxf6 Rxf6 11. Na4 Bb6 12. Nxb6 axb6 13. Bc4+ Kh8 14. Rfe1 Ng6
15. Qe3 Nf4 16. Kh2 Qf8 17. Ng1 Rg6 18. g3 Ne6 19. exf5 Qxf5 20. Bd5 Qf8 21. c3
Rf6 22. Rf1 Ng5 23. a3 c6 24. Bg2 b5 25. h4 Nh7 26. Nf3 Rf7 27. d4 Nf6 28. Kg1
Nd5 29. Qd3 Bf5 30. Qd2 e4 31. Ne1 Re8 32. Nc2 Re6 33. Ne3 Nxe3 34. Qxe3 d5 35.
b4 Bg4 36. a4 bxa4 37. Rxa4 Bf3 38. Rfa1 Bxg2 39. Ra8 Re8 40. Rxe8 Qxe8 41.
Kxg2 Rf3 42. Qc1 Qf7 43. Qc2 Rd3 44. Rc1 Qf3+ 45. Kh2 Qf5 46. Qe2 Rf3 47. Rc2
Qg4 48. Qe1 Rd3 (48... g5) 1/2-1/2

[Event "Finalturnier U14"]
[Site "?"]
[Date "2008.07.05"]
[Round "4"]
[White "Gähwiler, Gabriel"]
[Black "Rindlisbacher, Jan"]
[Result "1/2-1/2"]
[WhiteElo "2176"]
[BlackElo "2050"]
[PlyCount "60"]
[SourceDate "2008.07.05"]

1. e4 e5 2. Nf3 Nc6 3. d4 exd4 4. Nxd4 Nf6 5. Nc3 Bb4 6. Nxc6 bxc6 7. Bd3 d5 8.
exd5 cxd5 9. O-O O-O 10. Bg5 c6 11. Qf3 Bd6 12. h3 Rb8 13. Rab1 h6 14. Bf4 Be6
15. b3 c5 16. Nb5 Bxf4 17. Qxf4 Rb7 18. Rfd1 d4 19. c3 a6 20. Nd6 Rd7 21. Ne4
Nd5 22. Qe5 Nxc3 23. Nxc3 dxc3 24. Qxc3 Qb6 25. Bc4 Rxd1+ 26. Rxd1 Bxc4 27.
Qxc4 Re8 28. Rd5 Qf6 29. Rd1 Re5 30. Qd3 Qe6 1/2-1/2

[Event "Finalturnier U14"]
[Site "?"]
[Date "2008.07.05"]
[Round "4"]
[White "Hasenohr, Benedict"]
[Black "Lienhard, Alex"]
[Result "0-1"]
[WhiteElo "2005"]
[BlackElo "2011"]
[PlyCount "92"]

1. d4 Nf6 2. Nf3 e6 3. c4 c5 4. d5 exd5 5. cxd5 d6 6. Nc3 g6 7. h3 Bg7 8. Bf4
a6 9. a4 O-O 10. e3 Nh5 11. Bh2 f5 12. Qd2 Bh6 13. Be2 f4 14. e4 Nd7 15. Qc2
Bg7 16. Nd2 Qg5 17. Bg4 Ne5 18. Nf3 Nxf3+ 19. Bxf3 Be5 20. Qe2 Nf6 21. Kd2 Bd7
22. h4 Qh6 23. Kc2 Nh5 24. Qd2 Qg7 25. Bxh5 gxh5 26. Ne2 Qg6 27. f3 Qf6 28. Ra2
b5 29. axb5 axb5 30. Rha1 Ra4 31. Rxa4 bxa4 32. Nc3 Rb8 33. Qe1 Rb4 34. Bg1 Bb5
35. Bf2 Kf7 36. Qd2 Qg7 37. Bg1 Rb3 38. Ra2 Ke8 39. Ra1 Qf6 40. Ra2 Kd7 41. Bf2
Qg7 42. Bg1 Ke7 43. Ra1 Rb4 44. Ra3 Bc4 45. Kc1 Bb3 46. Qe2 Bxc3 0-1

[Event "Finalturnier U14"]
[Site "?"]
[Date "2008.07.05"]
[Round "4"]
[White "Meylan, André"]
[Black "Berset, Alan"]
[Result "1/2-1/2"]
[WhiteElo "1853"]
[BlackElo "1757"]
[PlyCount "102"]
[SourceDate "2008.07.05"]

1. e4 e5 2. Nf3 Nf6 3. Nxe5 d6 4. Nf3 Nxe4 5. Qe2 Qe7 6. d3 Nf6 7. Bg5 Nbd7 8.
Nc3 c6 9. O-O-O Qxe2 10. Bxe2 Be7 11. Rhe1 O-O 12. Nd4 Ne5 13. h3 c5 14. Ndb5
Rd8 15. Ne4 d5 16. Nxf6+ Bxf6 17. Bxf6 gxf6 18. d4 cxd4 19. Rxd4 Bf5 20. Rf4
Bg6 21. Rxf6 Rac8 22. Nd4 Re8 23. Kd1 Nd7 24. Rd6 Nb6 25. f4 Re4 26. c3 Rxf4
27. Rf1 Rxf1+ 28. Bxf1 Kf8 29. Rf6 Ke7 30. Rf2 a6 31. Nf5+ Ke6 32. g4 Kd7 33.
Re2 Bxf5 34. gxf5 Nc4 35. f6 Re8 36. Rxe8 Kxe8 37. Kc1 Kd7 38. Bd3 h6 39. Bf5+
Kc7 40. Bg4 Ne5 41. Bd1 Kd6 42. b3 Ke6 43. Kd2 Kxf6 44. Ke3 Ke6 45. Kd4 b6 46.
b4 f5 47. a4 b5 48. axb5 axb5 49. Kc5 f4 50. Kxb5 f3 51. Ka6 f2 1/2-1/2

[Event "Finalturnier U14"]
[Site "?"]
[Date "2008.07.05"]
[Round "4"]
[White "Angst, Robin"]
[Black "Muheim, Sébastien"]
[Result "0-1"]
[WhiteElo "1921"]
[BlackElo "2014"]
[PlyCount "150"]
[SourceDate "2008.07.05"]

1. e4 c5 2. Nc3 a6 3. a4 d6 4. f4 Nc6 5. Nf3 g6 6. Bc4 Bg7 7. O-O e6 8. d3 Nge7
9. Qe1 Nd4 10. Nxd4 cxd4 11. Ne2 Bd7 12. Qg3 d5 13. Bb3 dxe4 14. dxe4 O-O 15.
h4 Bc6 16. f5 exf5 17. exf5 Nxf5 18. Rxf5 d3 19. Bg5 Qd7 20. Rf2 dxe2 21. Rxe2
Rae8 22. Rxe8 Qxe8 23. Re1 Qd7 24. Re7 Qd1+ 25. Kh2 Qf1 26. Re1 Qf5 27. Bf4 Bd5
28. Bxd5 Qxd5 29. Be5 Bxe5 30. Qxe5 Qc4 31. Qe4 Qc7+ 32. Kh1 Rd8 33. h5 Qa5 34.
hxg6 hxg6 35. Qh4 Qd5 36. Qf2 Kg7 37. Kg1 Qg5 38. Qe3 Qg4 39. Qc3+ Kg8 40. Qf3
Qd4+ 41. Qf2 Qxa4 42. Qf6 Qd4+ 43. Qxd4 Rxd4 44. Re7 Rb4 45. b3 Kg7 46. Kf2 Kf6
47. Re3 Kf5 48. g3 Kg4 49. Rd3 f5 50. Rc3 Kg5 51. Rd3 Rb6 52. Rd7 Kf6 53. Rd3
Ke5 54. Ke3 Rb4 55. c4 b6 56. Rd5+ Ke6 57. Rd3 a5 58. Kf4 a4 59. bxa4 Rxc4+ 60.
Kg5 Rxa4 61. Kxg6 Rg4+ 62. Kh5 b5 63. Rb3 b4 64. Re3+ Kd5 65. Rf3 Kc4 66. Rxf5
Rxg3 67. Rf8 Kb3 68. Kh4 Rg7 69. Rb8 Ka3 70. Ra8+ Kb2 71. Rb8 b3 72. Rb6 Ka2
73. Ra6+ Kb1 74. Rb6 b2 75. Rb8 Rc7 0-1

[Event "Finalturnier U14"]
[Site "?"]
[Date "2008.07.05"]
[Round "5"]
[White "Muheim, Sébastien"]
[Black "Gähwiler, Gabriel"]
[Result "0-1"]
[WhiteElo "2014"]
[BlackElo "2176"]
[PlyCount "46"]
[SourceDate "2008.07.05"]

1. d4 d5 2. c4 c6 3. Nc3 Nf6 4. e3 e6 5. Nf3 Nbd7 6. Qc2 Bd6 7. Bd3 O-O 8. O-O
dxc4 9. Bxc4 e5 10. Rd1 exd4 11. exd4 Nb6 12. Bb3 Bg4 13. Qd3 Bc7 14. Ne2 Qd7
15. Ng3 Nbd5 16. a3 Nh5 17. Ng5 Nhf6 18. f3 Bxg3 19. hxg3 Bf5 20. Ne4 Nxe4 21.
fxe4 Bg6 22. Qb1 Qg4 23. Re1 Qxg3 0-1

[Event "Finalturnier U14"]
[Site "?"]
[Date "2008.07.05"]
[Round "5"]
[White "Viviani, Primo"]
[Black "Turki, Salim"]
[Result "1-0"]
[WhiteElo "1706"]
[BlackElo "1832"]
[PlyCount "49"]

1. c4 c6 2. e4 d5 3. cxd5 cxd5 4. exd5 Qxd5 5. Nc3 Qd8 6. d4 e6 7. Nf3 Nc6 8.
d5 exd5 9. Qxd5 Qxd5 10. Nxd5 Bd6 11. Bb5 Bd7 12. O-O Rc8 13. Re1+ Nge7 14. Bf4
Bxf4 15. Bxc6 Rxc6 16. Rxe7+ Kd8 17. Rxf7 Bh6 18. Nc3 Ke8 19. Ne5 Rd6 20. Ne4
Re6 21. Re1 Bc8 22. Rc7 Kd8 23. Rc5 b6 24. Rd1+ Ke7 25. Rc7+ 1-0

[Event "Finalturnier U14"]
[Site "?"]
[Date "2008.07.05"]
[Round "5"]
[White "Lienhard, Alex"]
[Black "Skouvaklis, Alexis"]
[Result "1-0"]
[WhiteElo "2011"]
[BlackElo "1890"]
[PlyCount "79"]
[SourceDate "2008.07.05"]

1. e4 c5 2. Nc3 Nc6 3. f4 g6 4. Nf3 Bg7 5. Bc4 e6 6. O-O Nge7 7. d3 d5 8. Bb3
O-O 9. Qe1 Nd4 10. Nxd4 cxd4 11. Nd1 Qd6 12. Bd2 dxe4 13. dxe4 Nc6 14. Nf2 a5
15. a3 b6 16. Nd3 Bb7 17. Qg3 Rae8 18. Ba4 f5 19. e5 Qd5 20. b4 Rb8 21. Bb3 Qd7
22. bxa5 Ba6 23. axb6 Bxd3 24. Qxd3 Rxb6 25. a4 Ra8 26. Qc4 Na5 27. Bxa5 Rxa5
28. Rad1 Bf8 29. Kh1 Rb4 30. Qxe6+ Qxe6 31. Bxe6+ Kg7 32. Bb3 Bc5 33. Rfe1 Kf8
34. Rd3 Ke7 35. Rh3 h5 36. Rg3 Rb6 37. e6 Kf6 38. Rd3 Ke7 39. Re5 Rd6 40. c3
1-0

[Event "Finalturnier U14"]
[Site "?"]
[Date "2008.07.05"]
[Round "5"]
[White "Kupper, Nicolas"]
[Black "Angst, Robin"]
[Result "0-1"]
[WhiteElo "1775"]
[BlackElo "1921"]
[PlyCount "64"]
[SourceDate "2008.07.05"]

1. f4 d5 2. Nf3 Nf6 3. g3 c5 4. Bg2 Nc6 5. d3 g6 6. O-O Bg7 7. Nc3 d4 8. Ne4
Nxe4 9. dxe4 e5 10. f5 Bd7 11. g4 Qe7 12. e3 O-O-O 13. exd4 cxd4 14. Ne1 gxf5
15. exf5 Bf6 16. Qf3 Rhg8 17. h3 Na5 18. Bd2 Bc6 19. Qe2 Bxg2 20. Nxg2 Qc5 21.
b4 d3+ 22. Qf2 Qxf2+ 23. Rxf2 Nc6 24. cxd3 Rxd3 25. Rc1 Kb8 26. Kh2 Nd4 27. Rc3
Nf3+ 28. Rxf3 Rxd2 29. Ra3 h5 30. Kg3 e4 31. Rfe3 Be5+ 32. Nf4 h4+ 0-1

[Event "Finalturnier U14"]
[Site "?"]
[Date "2008.07.05"]
[Round "5"]
[White "Stoeri, Simon"]
[Black "Hasenohr, Benedict"]
[Result "1/2-1/2"]
[WhiteElo "1990"]
[BlackElo "2005"]
[PlyCount "136"]
[SourceDate "2008.07.06"]

1. e4 e5 2. Nf3 Nc6 3. d4 exd4 4. Nxd4 Nf6 5. Nc3 Bb4 6. Nxc6 bxc6 7. Bd3 d5 8.
exd5 cxd5 9. O-O O-O 10. Bg5 c6 11. Qf3 Be7 12. Rfe1 Re8 13. Ne2 h6 14. Bf4 Qb6
15. Be5 Bb4 16. Bxf6 Bxe1 17. Bd4 c5 18. Qxd5 Bb7 19. Qxc5 Qxc5 20. Bxc5 Ba5
21. f3 Bb6 22. Bxb6 axb6 23. Kf2 Ba6 24. Nf4 Bxd3 25. Nxd3 Rac8 26. Nb4 Red8
27. Ke2 Rd4 28. a3 Re8+ 29. Kf2 Rd2+ 30. Kg3 g5 31. Rc1 Ree2 32. Rg1 f5 33. h4
Kg7 34. hxg5 hxg5 35. Kh3 f4 36. g3 Kg6 37. gxf4 Kf5 38. fxg5 Kf4 39. Rg4+ Kxf3
40. Rg3+ Kf4 41. Rg4+ Kf5 42. Rg1 Re4 43. g6 Rdd4 44. Rg3 Rg4 45. g7 Rxg3+ 46.
Kxg3 Rg4+ 47. Kf3 Rxg7 48. Nd5 Rb7 49. Ke3 Ke5 50. Nb4 Rd7 51. c3 Rd1 52. Nd3+
Kd5 53. Ke2 Rh1 54. Nb4+ Kc4 55. Ke3 Rh4 56. Nc6 Kb3 57. Ne5 Kxb2 58. Kd3 Rh3+
59. Kd4 Kb3 60. c4 Rh5 61. Nd7 Rh6 62. Kd5 Kxa3 63. Nxb6 Rxb6 64. c5 Rb1 65. c6
Kb4 66. c7 Rc1 67. Kd6 Kb5 68. Kd7 Kb6 1/2-1/2

[Event "Finalturnier U14"]
[Site "?"]
[Date "2008.07.05"]
[Round "5"]
[White "Meylan, André"]
[Black "Kaiwan, Nuri"]
[Result "1/2-1/2"]
[WhiteElo "1853"]
[BlackElo "1673"]
[PlyCount "114"]

1. e4 c5 2. Nf3 d6 3. d4 cxd4 4. Nxd4 Nf6 5. Nc3 g6 6. Be2 Bg7 7. O-O Nc6 8.
Be3 Bd7 9. f4 O-O 10. Qd2 a6 11. a4 Rc8 12. Rad1 Ng4 13. Bxg4 Bxg4 14. Rc1 Bd7
15. Nxc6 Bxc6 16. Bd4 h5 17. Kh1 Qa5 18. Bxg7 Kxg7 19. Qd4+ Kh7 20. f5 Qc5 21.
Qd2 Qb4 22. Qg5 Bxe4 23. Nxe4 Qxe4 24. Rf4 Qe5 25. Rff1 Kg7 26. Rce1 Qf6 27.
Qc1 g5 28. Qd1 h4 29. c3 Rc5 30. Qf3 Rb8 31. Rxe7 Rxf5 32. Rxf7+ Qxf7 33. Qxf5
Qxf5 34. Rxf5 Kg6 35. Rd5 Rd8 36. Kg1 b6 37. Kf2 Kh5 38. a5 b5 39. b3 Kg4 40.
Rd4+ Kf5 41. Kf3 Rf8 42. Ke3 Re8+ 43. Kd3 Re6 44. Rd5+ Kf4 45. Rd4+ Ke5 46.
Re4+ Kf5 47. Rxe6 Kxe6 48. Ke4 d5+ 49. Kd4 Kd6 50. h3 Ke6 51. Kc5 Ke5 52. Kc6
b4 53. cxb4 d4 54. b5 axb5 55. a6 d3 56. a7 d2 57. a8=Q d1=Q 1/2-1/2

[Event "Finalturnier U14"]
[Site "?"]
[Date "2008.07.05"]
[Round "5"]
[White "Berset, André"]
[Black "Burgueno, Diego"]
[Result "1/2-1/2"]
[WhiteElo "1757"]
[BlackElo "1827"]
[PlyCount "87"]

1. d4 d5 2. c4 e6 3. g3 Nf6 4. Bg2 Bb4+ 5. Bd2 Be7 6. Nc3 c6 7. cxd5 exd5 8.
Nf3 Nbd7 9. O-O O-O 10. Re1 Re8 11. Qc2 Bf8 12. e4 dxe4 13. Nxe4 Nxe4 14. Rxe4
Rxe4 15. Qxe4 Nf6 16. Qe2 g6 17. Bg5 Bg7 18. h3 h6 19. Be3 Nd5 20. Qd2 Nxe3 21.
fxe3 Bf5 22. Nh4 Be6 23. Rd1 Bxa2 24. Qd3 Be6 25. Rf1 Qc7 26. Kh2 Rd8 27. Be4
Rf8 28. Ng2 f5 29. Bf3 Qf7 30. Rf2 Qd7 31. Bd1 Qd6 32. Nf4 Bf7 33. Bc2 Re8 34.
h4 Qe7 35. h5 g5 36. Ng2 Be6 37. g4 Bf6 38. gxf5 Bd5 39. Re2 Qc7+ 40. Kg1 Be4
41. Qc4+ Kg7 42. Bxe4 Rxe4 43. Qd3 Qe7 44. Kf1 1/2-1/2

[Event "Finalturnier U14"]
[Site "?"]
[Date "2008.07.05"]
[Round "5"]
[White "Rindlisbacher, Jan"]
[Black "Sommerhalder, Eric"]
[Result "1/2-1/2"]
[WhiteElo "2050"]
[BlackElo "1912"]
[PlyCount "160"]

1. d4 Nf6 2. c4 d6 3. Nc3 g6 4. e4 Bg7 5. Nge2 O-O 6. Ng3 e5 7. d5 a5 8. Be2
Nbd7 9. h4 h5 10. Bg5 Qe8 11. Nb5 Qd8 12. Bxh5 gxh5 13. Nxh5 Nc5 14. Qf3 Ncxe4
15. Nxf6+ Nxf6 16. h5 e4 17. Qf4 Kh7 18. O-O-O Qe7 19. Rdg1 Bd7 20. Nc3 Qe5 21.
Qh4 Qxg5+ 22. Qxg5 Bh6 23. Qxh6+ Kxh6 24. Rh4 Rae8 25. Re1 Kg5 26. g3 Bf5 27.
Nd1 Bg4 28. Ne3 Rh8 29. Kd2 Rxh5 30. Nxg4 Nxg4 31. f4+ exf3 32. Rxh5+ Kxh5 33.
Rxe8 Ne5 34. Ke3 Kg4 35. Rg8+ Kf5 36. b3 a4 37. g4+ Nxg4+ 38. Kxf3 Ne5+ 39. Ke3
Ng4+ 40. Kf3 Ne5+ 41. Ke2 Ke4 42. Rb8 axb3 43. axb3 c6 44. Rxb7 cxd5 45. cxd5
Kxd5 46. Rc7 Nc6 47. Ke3 f5 48. Kf4 Nd4 49. Rb7 Kc5 50. b4+ Kc6 51. Rb8 Kc7 52.
Ra8 Nc6 53. b5 Nd4 54. Ra5 Kb6 55. Ra6+ Kxb5 56. Rxd6 Kc5 57. Rd7 Ne6+ 58. Kxf5
Nd4+ 59. Ke4 Nb5 60. Ke5 Kc6 61. Rd5 Nc7 62. Rd1 Nb5 63. Rc1+ Kd7 64. Rc4 Nc7
65. Rc5 Na6 66. Rd5+ Kc6 67. Rd6+ Kb5 68. Kd5 Nb4+ 69. Kd4 Nc6+ 70. Kd3 Kc5 71.
Rh6 Kd5 72. Ke3 Ne5 73. Kd2 Nc4+ 74. Kc3 Ne5 75. Rb6 Kc5 76. Ra6 Nc6 77. Ra8
Kd5 78. Rh8 Ne5 79. Rd8+ Ke4 80. Re8 Kd5 1/2-1/2

[Event "Finalturnier U14"]
[Site "?"]
[Date "2008.07.06"]
[Round "6"]
[White "Hasenohr, Benedict"]
[Black "Sommerhalder, Eric"]
[Result "1-0"]
[WhiteElo "2005"]
[BlackElo "1912"]
[PlyCount "49"]

1. e4 c5 2. Nc3 d6 3. g3 Nf6 4. Bg2 Nc6 5. f4 Bg4 6. Nf3 Nd4 7. O-O Qd7 8. e5
dxe5 9. fxe5 Nxf3+ 10. Bxf3 Bxf3 11. Qxf3 Qd4+ 12. Kg2 Qxe5 13. Qxb7 Qb8 14.
Qc6+ Nd7 15. Nd5 Kd8 16. Nc7 Ne5 17. Qxa8 Kxc7 18. Qxb8+ Kxb8 19. d3 Kb7 20.
Be3 e6 21. d4 Nc4 22. Rxf7+ Ka6 23. Bf2 e5 24. dxc5 e4 25. Bd4 1-0

[Event "Finalturnier U14"]
[Site "?"]
[Date "2008.07.06"]
[Round "6"]
[White "Viviani, Primo"]
[Black "Muheim, Sébastien"]
[Result "0-1"]
[WhiteElo "1706"]
[BlackElo "2014"]
[PlyCount "68"]
[SourceDate "2008.07.06"]

1. c4 f5 2. Nc3 Nf6 3. g3 g6 4. Bg2 Bg7 5. Nf3 O-O 6. O-O d6 7. d4 Qe8 8. Nb5
Na6 9. b3 c6 10. Nc3 Nc7 11. Bb2 h6 12. e3 g5 13. Ne2 Qg6 14. Ne1 h5 15. Nd3
Bd7 16. Ne5 Qh6 17. Nxd7 Nxd7 18. Qd2 e6 19. Rac1 Nf6 20. Qb4 h4 21. Qxb7 hxg3
22. fxg3 Rac8 23. Rc3 Ne4 24. Bxe4 fxe4 25. Rxf8+ Rxf8 26. Qxc7 Qf6 27. Nf4
gxf4 28. gxf4 Qh4 29. Qxd6 Qe1+ 30. Kg2 Qe2+ 31. Kg1 Rf6 32. f5 Qg4+ 33. Qg3
Qxf5 34. Qf4 Qh3 0-1

[Event "Finalturnier U14"]
[Site "?"]
[Date "2008.07.06"]
[Round "6"]
[White "Skouvaklis, Alexis"]
[Black "Stoeri, Simon"]
[Result "0-1"]
[WhiteElo "1890"]
[BlackElo "1990"]
[PlyCount "92"]

1. e4 e5 2. Nf3 Nc6 3. Bb5 a6 4. Ba4 Nf6 5. O-O Be7 6. Re1 b5 7. Bb3 O-O 8. c3
d5 9. exd5 Nxd5 10. Nxe5 Nxe5 11. Rxe5 c6 12. d3 Bd6 13. Re1 Qh4 14. g3 Qh3 15.
Qf3 Bg4 16. Qg2 Qh5 17. Bxd5 cxd5 18. Be3 Rae8 19. Nd2 Re6 20. a4 b4 21. c4
dxc4 22. dxc4 Rfe8 23. Qf1 f5 24. c5 Bc7 25. Qc4 Kh8 26. Nb3 f4 27. Bd2 fxg3
28. hxg3 Bxg3 29. fxg3 Re2 30. Rxe2 Rxe2 31. Qxe2 Bxe2 32. c6 Bf3 33. c7 Qh1+
34. Kf2 Qg2+ 35. Ke3 Qe2+ 36. Kd4 Qe4+ 37. Kc5 Qc6+ 38. Kxb4 Qxc7 39. Bf4 Qb7+
40. Kc3 h6 41. Nd4 Be4 42. Rc1 a5 43. Nb5 Qd5 44. b3 g5 45. Bd6 Qd3+ 46. Kb2
Qd2+ 0-1

[Event "Finalturnier U14"]
[Site "?"]
[Date "2008.07.06"]
[Round "6"]
[White "Nuri, Kaiwan"]
[Black "Berset, Alan"]
[Result "1/2-1/2"]
[WhiteElo "1673"]
[BlackElo "1757"]
[PlyCount "65"]

1. d4 Nf6 2. Nf3 e6 3. Bg5 d5 4. c4 Be7 5. Nc3 O-O 6. e3 a6 7. a4 Nbd7 8. Bd3
b6 9. O-O Bb7 10. Re1 Re8 11. cxd5 exd5 12. Rc1 Rc8 13. Na2 c5 14. b3 Nf8 15.
Qe2 a5 16. Ne5 cxd4 17. exd4 Rxc1 18. Rxc1 Ne6 19. Be3 Bd6 20. f4 g6 21. Qf3
Ne4 22. Bb5 Re7 23. Nc6 Bxc6 24. Bxc6 Bb8 25. f5 Nc7 26. Nc3 Qd6 27. Nxe4 Rxe4
28. fxg6 fxg6 29. Rf1 Ne6 30. Qf7+ Kh8 31. Qf6+ Kg8 32. Qf7+ Kh8 33. Qf6+
1/2-1/2

[Event "Finalturnier U14"]
[Site "?"]
[Date "2008.07.06"]
[Round "6"]
[White "Gähwiler, Gabriel"]
[Black "Lienhard, Alex"]
[Result "1-0"]
[WhiteElo "2176"]
[BlackElo "2011"]
[PlyCount "77"]

1. e4 c5 2. Nc3 g6 3. g3 Nc6 4. Bg2 Bg7 5. d3 Nf6 6. f4 O-O 7. Nf3 d6 8. O-O
Nd4 9. Ne2 Nd7 10. c3 Nxf3+ 11. Bxf3 Rb8 12. d4 b5 13. Be3 Bb7 14. g4 Qc7 15.
Ng3 Nb6 16. Qe2 cxd4 17. cxd4 Nc4 18. Bf2 Qb6 19. Rfd1 Rfc8 20. Rac1 Ba6 21. b3
Na3 22. d5 Qb7 23. e5 b4 24. Qe4 Nb5 25. Ne2 Nc3 26. Nxc3 Rxc3 27. Rxc3 bxc3
28. Bd4 Rc8 29. Rc1 Qb4 30. Qe3 dxe5 31. Bxe5 Bxe5 32. fxe5 Qc5 33. Qxc5 Rxc5
34. d6 exd6 35. exd6 Bb5 36. Kf2 Bc6 37. b4 Rc4 38. Ke3 Bxf3 39. d7 1-0

[Event "Finalturnier U14"]
[Site "?"]
[Date "2008.07.06"]
[Round "6"]
[White "Angst, Robin"]
[Black "Rindlisbacher, Lars"]
[Result "1/2-1/2"]
[WhiteElo "1921"]
[BlackElo "2050"]
[PlyCount "71"]

1. e4 e5 2. Nf3 Nc6 3. Bc4 Bc5 4. c3 Nf6 5. d4 exd4 6. cxd4 Bb4+ 7. Nc3 Nxe4 8.
O-O Bxc3 9. d5 Ne5 10. bxc3 Nxc4 11. Qd4 O-O 12. Qxe4 Nd6 13. Qd3 b6 14. Ng5 f5
15. Bf4 Qf6 16. Rfe1 a5 17. Nf3 Ba6 18. Qc2 Rad8 19. Bg5 Qf7 20. Bxd8 Rxd8 21.
Rad1 Bc4 22. Ne5 Qf6 23. Nxc4 Nxc4 24. Rd4 Nd6 25. Qd3 Ne4 26. f3 Nd6 27. g3
Kf7 28. Re2 Re8 29. Rxe8 Kxe8 30. Qe3+ Kf7 31. g4 g6 32. a4 Kg8 33. Kg2 Kf7 34.
Kg1 Kg8 35. Kg2 Kf7 36. Kg1 1/2-1/2

[Event "Finalturnier U14"]
[Site "?"]
[Date "2008.07.06"]
[Round "6"]
[White "Burgueno, Diego"]
[Black "Meylan, André"]
[Result "1/2-1/2"]
[WhiteElo "1827"]
[BlackElo "1853"]
[PlyCount "77"]

1. e4 e6 2. d4 d5 3. Nd2 c5 4. exd5 exd5 5. Ngf3 Nc6 6. Bb5 Bd6 7. O-O Nge7 8.
dxc5 Bxc5 9. Nb3 Bd6 10. Re1 O-O 11. Bg5 Qc7 12. Be2 h6 13. Be3 b6 14. c3 Bb7
15. Qd3 Rad8 16. h3 Rfe8 17. Rad1 Bf4 18. Bxf4 Qxf4 19. Nbd4 Nxd4 20. Qxd4 Qc7
21. Bb5 Bc6 22. Bxc6 Qxc6 23. Ne5 Qb7 24. Nf3 Qc7 25. Re2 Kf8 26. a3 Qc4 27.
Qxc4 dxc4 28. Red2 Nc6 29. Rxd8 Rxd8 30. Rxd8+ Nxd8 31. Nd4 Ke7 32. Nf5+ Kf6
33. Nd6 Ke7 34. Nf5+ Kf6 35. Nd6 Ke5 36. Nxc4+ Ke4 37. Nd6+ Kd3 38. Nb5 Nc6 39.
a4 1/2-1/2

[Event "Finalturnier U14"]
[Site "?"]
[Date "2008.07.06"]
[Round "6"]
[White "Turki, Salim"]
[Black "Kupper, Nicolas"]
[Result "1-0"]
[WhiteElo "1832"]
[BlackElo "1775"]
[PlyCount "111"]

1. e4 e5 2. Nf3 Nc6 3. d4 exd4 4. Nxd4 Bc5 5. Be3 Qf6 6. c3 Nge7 7. Bc4 Ne5 8.
Bb3 d5 9. exd5 Qg6 10. Rg1 Bxd4 11. Bxd4 Nd3+ 12. Kd2 Bf5 13. Qe2 Kd8 14. g4
Qh6+ 15. Be3 Qxh2 16. gxf5 Qxg1 17. Qxd3 Qh2 18. c4 Qe5 19. Bc2 f6 20. Nc3 b6
21. a3 h5 22. f4 Qd6 23. Ba4 Nc8 24. Rh1 Qf8 25. Bf2 Qf7 26. Ne2 Nd6 27. Ng3
Ke7 28. b4 Rad8 29. Ne2 Kf8 30. Nd4 Rb8 31. Ne6+ Kg8 32. Bb3 Qd7 33. Rg1 Rh7
34. Bh4 Kh8 35. Bf2 Nf7 36. Rh1 Nd8 37. Bd1 Qf7 38. Qf3 c6 39. Rxh5 cxd5 40.
Rxh7+ Kxh7 41. cxd5 Kg8 42. Qh1 Rc8 43. Qh5 Qd7 44. Qf3 Rc6 45. Qd3 Rd6 46. Bf3
Nc6 47. b5 Ne7 48. Ke2 Nxd5 49. Qb3 Kh8 50. Bh5 Qe7 51. Kf1 Nc7 52. Qh3 g6 53.
Bxg6+ Kg8 54. Qg3 Nxe6 55. fxe6 Kf8 56. Bf7 1-0

[Event "Finalturnier U14"]
[Site "TOSHIBA"]
[Date "2008.07.06"]
[Round "7"]
[White "Kupper, Nicolas"]
[Black "Nuri, Kaiwan"]
[Result "0-1"]
[WhiteElo "1775"]
[BlackElo "1673"]
[Annotator ",Inock"]
[PlyCount "52"]
[TimeControl "180"]

{400MB, Fritz8.ctg} 1. e4 c5 2. d4 cxd4 3. c3 dxc3 4. Nxc3 Nc6 5. Bc4 e6 6. Nf3
Nge7 7. O-O Ng6 8. Qe2 Na5 9. Bb5 a6 10. Ba4 b5 11. Bc2 Be7 12. Rd1 d6 13. Be3
Nc4 14. Bb3 Nxe3 15. Qxe3 Bb7 16. Rac1 O-O 17. Qe2 Ra7 18. Nd4 Ba8 19. Rd3 Nf4
20. Qf3 Nxd3 21. Qxd3 Qd7 22. Nde2 Rc7 23. Re1 Bf6 24. Bc2 g6 25. Rd1 Rd8 26.
Qg3 b4 0-1

[Event "Finalturnier u14"]
[Site "TOSHIBA"]
[Date "2008.07.06"]
[Round "7"]
[White "Turki, Salim"]
[Black "Burgueno, Diego"]
[Result "0-1"]
[WhiteElo "1832"]
[BlackElo "1827"]
[Annotator ",Inock"]
[PlyCount "102"]
[TimeControl "180"]

{400MB, Fritz8.ctg} 1. e4 e5 2. Nf3 Nc6 3. d4 exd4 4. Nxd4 Nf6 5. Nxc6 bxc6 6.
e5 Qe7 7. Qe2 Nd5 8. c4 Ba6 9. b3 O-O-O 10. g3 g5 11. Bb2 Bg7 12. Bg2 Rde8 13.
O-O Bxe5 14. Qxe5 Qxe5 15. Bxe5 Rxe5 16. cxd5 Bxf1 17. Kxf1 cxd5 18. Nc3 c6 19.
Re1 Rhe8 20. Rxe5 Rxe5 21. h3 h6 22. b4 Kc7 23. Bf3 d6 24. b5 d4 25. Ne2 d3 26.
Nd4 d2 27. Be2 Rd5 28. Nxc6 d1=Q+ 29. Bxd1 Rxd1+ 30. Ke2 Ra1 31. Nb4 Rb1 32.
Nd5+ Kd8 33. a4 Kd7 34. Ke3 Re1+ 35. Kf3 Ra1 36. Kg4 Rxa4+ 37. Kh5 Rd4 38. Ne3
Ke6 39. Kxh6 f6 40. Kg6 Rb4 41. Nf5 d5 42. Ng7+ Ke5 43. Nh5 Rxb5 44. Nxf6 d4
45. Kxg5 d3 46. Ng4+ Ke4+ 47. Kg6 d2 48. Ne3 Kf3 49. h4 Kxf2 50. Nd1+ Ke1 51.
Nc3 Rc5 0-1

[Event "Finalturnier U14"]
[Site "TOSHIBA"]
[Date "2008.07.06"]
[Round "7"]
[White "Berset, Alan"]
[Black "Viviani, Primo"]
[Result "0-1"]
[WhiteElo "1757"]
[BlackElo "1706"]
[Annotator ",Inock"]
[PlyCount "100"]
[TimeControl "180"]

{400MB, Fritz8.ctg} 1. d4 d5 2. c4 c6 3. g3 Nf6 4. Bg2 Bf5 5. Qb3 Bc8 6. cxd5
cxd5 7. Nc3 e6 8. Bf4 Bd6 9. Bxd6 Qxd6 10. Nb5 Qb6 11. Rc1 Na6 12. Nf3 O-O 13.
O-O Bd7 14. a4 Nb8 15. Qd3 Nc6 16. Rc3 Nb4 17. Qd2 Ne4 18. Qf4 Nxc3 19. bxc3
Nc6 20. Nd6 Ne7 21. g4 Bxa4 22. Ng5 Ng6 23. Qg3 h6 24. Ngxf7 Rxf7 25. Nxf7 Kxf7
26. e4 Bc6 27. exd5 Bxd5 28. Bxd5 exd5 29. Qf3+ Kg8 30. Qxd5+ Kh8 31. Re1 Rf8
32. Qe4 Qf6 33. Re2 Nf4 34. Rb2 Qg5 35. f3 h5 36. Rxb7 hxg4 37. Qe7 Qxe7 38.
Rxe7 gxf3 39. Rxa7 Nh3+ 40. Kf1 f2 41. Ra5 g6 42. d5 Re8 43. Ra1 Re5 44. c4 Rg5
45. Ke2 Rg2 46. Rf1 Kg7 47. d6 Kf6 48. c5 Rg1 49. c6 Ke6 50. d7 Ke7 0-1

[Event "Finalturnier U14"]
[Site "TOSHIBA"]
[Date "2008.07.06"]
[Round "7"]
[White "Meylan, André"]
[Black "Skouvaklis, Alexis"]
[Result "0-1"]
[WhiteElo "1853"]
[BlackElo "1890"]
[Annotator ",Inock"]
[PlyCount "106"]
[TimeControl "180"]

{400MB, Fritz8.ctg} 1. e4 c5 2. Nf3 d6 3. d4 cxd4 4. Nxd4 Nf6 5. Nc3 a6 6. a4
e5 7. Nf3 h6 8. Be2 Be7 9. O-O O-O 10. h3 Be6 11. Be3 Nc6 12. Qd2 Rc8 13. Rfd1
Na5 14. Qc1 Qc7 15. Nd2 d5 16. exd5 Nxd5 17. Nxd5 Bxd5 18. Bd3 f5 19. f3 Qc6
20. c4 Be6 21. b3 Qc7 22. Qb2 Nc6 23. Rac1 Rcd8 24. Bb1 Nd4 25. Nf1 Bc5 26. b4
Qb6 27. Kh1 Qxb4 28. Bxd4 Rxd4 29. Qxb4 Bxb4 30. Rxd4 exd4 31. Bd3 a5 32. Ng3
g6 33. Ne2 Rd8 34. Rc2 Bf7 35. Kg1 Kg7 36. Kf1 Kf6 37. Nc1 Rc8 38. Na2 Ba3 39.
Nc1 Be8 40. Ne2 Bc5 41. Ra2 g5 42. Ng3 Bd7 43. Rb2 b6 44. Ra2 Re8 45. Nh5+ Kg6
46. g4 Re3 47. Be2 f4 48. Bd1 Bb4 49. Kf2 d3 50. Ra1 Be6 51. Rc1 Bc5 52. Kf1 d2
53. Rc2 Re1+ 0-1

[Event "Finalturnier U14"]
[Site "TOSHIBA"]
[Date "2008.07.06"]
[Round "7"]
[White "Sommerhalder, Eric"]
[Black "Angst, Robin"]
[Result "1/2-1/2"]
[WhiteElo "1912"]
[BlackElo "1921"]
[Annotator ",Inock"]
[PlyCount "61"]
[TimeControl "180"]

{400MB, Fritz8.ctg} 1. Nf3 f5 2. d3 Nf6 3. e4 d6 4. e5 dxe5 5. Nxe5 g6 6. g4
Qd5 7. Nf3 Nc6 8. gxf5 Bxf5 9. Bg2 Bg7 10. Nc3 Qd6 11. Be3 O-O 12. Qd2 a6 13.
O-O-O Nd5 14. Nxd5 Qxd5 15. Bh6 Qxa2 16. Qg5 Bxb2+ 17. Kd2 Bf6 18. Qf4 e5 19.
Qc4+ Qxc4 20. dxc4 Rfd8+ 21. Ke2 Bxc2 22. Rd2 e4 23. Rxd8+ Rxd8 24. Nd2 Nd4+
25. Ke1 Nf3+ 26. Bxf3 exf3 27. Be3 Bc3 28. Rg1 a5 29. Bg5 a4 30. Bxd8 a3 31.
Bxc7 1/2-1/2